Statistiques concernant Grille de mots mini #2

Cliquez ici pour prendre le quiz!

Statistiques générales

  • Ce quiz a été pris 175 fois
  • Le résultat moyen est 21 sur 25

Statistiques - réponses

Place de la lettreRéponses% Correct
1 DT
97%
1 AK
96%
1 CO
96%
1 EO
96%
1 BY
96%
2 DI
86%
2 AR
85%
2 BU
85%
3 AA
84%
4 AA
84%
2 CB
84%
2 ES
84%
5 EA
81%
3 BC
81%
4 BC
81%
3 EE
81%
4 DE
81%
3 CE
81%
4 CI
81%
3 DR
81%
4 ER
81%
5 DS
81%
5 CS
80%
5 BA
79%
5 AL
77%

Distribution des résultats

Percentile par nombre de réponses

% des personnes avec chaque résultat

Votre développement - résultats

Vous n’avez pas pris ce quiz